[Event "Provincial-ch Xativa Primera"]
[Site "Xativa"]
[Date "2012.10.20"]
[Round "2"]
[White "Ivorra Ordines, Pedro"]
[Black "Albuixec Sanz, Jorge"]
[Result "0-1"]
[WhiteElo "1659"]
[BlackElo "1868"]
[PlyCount "66"]
[EventDate "2012.10.06"]
[EventType "swiss"]
[EventRounds "7"]
[EventCountry "ESP"]
[SourceTitle "EXT 2024"]
[Source "ChessBase"]
[SourceDate "2023.10.10"]
[SourceVersion "1"]
[SourceVersionDate "2023.10.10"]
[SourceQuality "1"]

1. d4 Nf6 2. c4 g6 3. Nf3 Bg7 4. g3 0-0 5. Bg2 d6 6. 0-0 Nbd7 7. Nc3 e5 8. e4 exd4 9. Nxd4 Re8 10. Bg5 c6 11. Nb3 Ne5 12. c5 Be6 13. cxd6 Bxb3 14. Qxb3 Qxd6 15. Rad1 Qc7 16. Qc2 Rac8 17. Rc1 Qa5 18. Bd2 Qc5 19. Be3 Qa5 20. h3 Rcd8 21. Rfd1 Nc4 22. Bg5 Rxd1+ 23. Rxd1 Qxg5 24. b3 Nb6 25. Kh2 Qc5 26. Qd2 Ng4+ 27. hxg4 Qxc3 28. Qg5 h6 29. Qh4 g5 30. Qh5 Qc2 31. Rd6 Qxf2 32. Rxh6 Bxh6 33. Qxh6 Qe3 0-1

[Event "La Laguna op 4th"]
[Site "La Laguna"]
[Date "2010.04.11"]
[Round "9"]
[White "Ivorra Ordines, Pedro"]
[Black "NN"]
[Result "1-0"]
[WhiteElo "1665"]
[BlackElo "2500"]
[PlyCount "71"]
[EventDate "2010.04.05"]
[EventType "swiss"]
[EventRounds "9"]
[EventCountry "ESP"]
[SourceTitle "CBM 135 Extra"]
[Source "ChessBase"]
[SourceDate "2010.05.04"]
[SourceVersion "1"]
[SourceVersionDate "2010.05.04"]
[SourceQuality "1"]

1. d4 d5 2. c4 Nf6 3. Nc3 h6 4. Nf3 Nc6 5. h3 e6 6. cxd5 exd5 7. Bf4 Bb4 8. a3 Bxc3+ 9. bxc3 0-0 10. e3 a6 11. c4 Ne4 12. Bd3 f5 13. cxd5 Qxd5 14. Bxc7 Re8 15. 0-0 Re7 16. Rc1 Kh8 17. Be5 Be6 18. Bc4 Qd7 19. Bxe6 Rxe6 20. Qb3 Rae8 21. Bh2 Nd8 22. Rc7 Qb5 23. Qxb5 axb5 24. Be5 R6e7 25. Rxe7 Rxe7 26. Rb1 Nc3 27. Rb3 Nd1 28. Kf1 Nf7 29. Ke2 Nxf2 30. Kxf2 Nxe5 31. Nxe5 Rc7 32. Rxb5 Kh7 33. Nd3 g5 34. Rxf5 Rc2+ 35. Kf3 Kg6 36. Rb5 1-0